[Event "Paul Keres mem (22nd)"]
[Site "Vancouver CAN"]
[Date "1997.05.18"]
[Round "5.4"]
[White "Adam, Valerian"]
[Black "Ferguson, Jim"]
[Result "1/2-1/2"]
[WhiteElo "2276"]
[BlackElo "2231"]
[PlyCount "118"]
[GameId "2160767911965930"]
[EventDate "1997.05.16"]
[EventType "swiss"]
[EventRounds "7"]
[EventCountry "CAN"]

1. e4 c5 2. c4 Nc6 3. Nf3 e5 4. Be2 g6 5. Nc3 Bg7 6. d3 Nge7 7. Nd5 O-O 8. O-O d6 9. a3 f5 10. Bg5 h6 11. Bxe7 Nxe7 12. b4 b6 13. Nxe7+ Qxe7 14. Nd2 Bb7 15. Bf3 Rad8 16. Rb1 cxb4 17. axb4 Kh8 18. b5 fxe4 19. dxe4 Rf4 20. Ra1 Ba8 21. Ra6 Rd7 22. Qe2 h5 23. Rfa1 Bh6 24. Nb1 Rc7 25. Nc3 Qf7 26. Rxb6 axb6 27. Rxa8+ Kg7 28. Nd5 Ra7 29. Rxa7 Qxa7 30. Nxf4 Qa1+ 31. Qf1 Qxf1+ 32. Kxf1 Bxf4 33. h4 Kf6 34. g3 Bc1 35. Kg2 Kg7 36. Kh3 Kh6 37. Be2 Bd2 38. Bd1 Bc1 39. Bf3 Bd2 40. Bg2 Bc1 41. Kh2 Bd2 42. Bh3 Bc1 43. Bd7 Bd2 44. Kg2 Kg7 45. Kf1 Bc1 46. Be8 Kh6 47. Ke2 Kg7 48. Kd3 Kh7 49. c5 dxc5 50. Kc4 Kg7 51. Kd5 Kf6 52. f3 Be3 53. g4 Bf2 54. gxh5 gxh5 55. Bxh5 Bxh4 56. Bg4 Bf2 57. Bh3 Be1 58. Bf1 Bc3 59. Bc4 Kg5 1/2-1/2

[Event "Paul Keres mem (22nd)"]
[Site "Vancouver CAN"]
[Date "1997.05.18"]
[Round "5.5"]
[White "Vetemaa, Juri"]
[Black "Kostadinov, George"]
[Result "1-0"]
[WhiteElo "2532"]
[BlackElo "2182"]
[PlyCount "49"]
[GameId "2160767911965931"]
[EventDate "1997.05.16"]
[EventType "swiss"]
[EventRounds "7"]
[EventCountry "CAN"]

1. e4 c5 2. Nf3 a6 3. c3 d6 4. d4 Nd7 5. Bd3 e5 6. O-O Ngf6 7. a4 Qc7 8. a5 c4 9. Bc2 b5 10. axb6 Nxb6 11. h3 Bb7 12. Qe2 Be7 13. d5 O-O 14. Na3 Rfc8 15. Be3 Nfd7 16. g4 a5 17. Kh2 Ba6 18. Rg1 Nc5 19. g5 Nb3 20. Rab1 Na4 21. Nh4 g6 22. Nf5 gxf5 23. exf5 Qd7 24. f6 Bd8 25. Qh5 1-0

[Event "Paul Keres mem (22nd)"]
[Site "Vancouver CAN"]
[Date "1997.05.18"]
[Round "5.6"]
[White "Chapman, Erik"]
[Black "Skulsky, Ian"]
[Result "1/2-1/2"]
[WhiteElo "1998"]
[BlackElo "2259"]
[PlyCount "88"]
[GameId "2160767911965932"]
[EventDate "1997.05.16"]
[EventType "swiss"]
[EventRounds "7"]
[EventCountry "CAN"]

1. f4 Nf6 2. Nf3 c5 3. e3 g6 4. b3 Bg7 5. Bb2 O-O 6. c4 e6 7. Qc2 Nc6 8. a3 d5 9. g3 Re8 10. Bg2 d4 11. O-O e5 12. fxe5 Bf5 13. d3 Ng4 14. e4 Ne3 15. Qf2 Nxf1 16. Bxf1 Bh6 17. Qe1 Be3+ 18. Kh1 Bg4 19. Nbd2 Nxe5 20. Nxe5 Rxe5 21. h3 Rh5 22. h4 Qd6 23. Kg2 Rf8 24. Be2 Qd7 25. Nf3 Re8 26. Bc1 Bxc1 27. Qxc1 f5 28. e5 f4 29. Qxf4 Qf5 30. Ng1 Qxf4 31. gxf4 Bxe2 32. Nxe2 Rxh4 33. Kg3 Rh5 34. b4 b6 35. bxc5 bxc5 36. Rb1 g5 37. Kg4 Rh2 38. Ng3 gxf4 39. Kxf4 Rf8+ 40. Ke4 Rh4+ 41. Kd5 Rh3 42. Ne4 Rxd3 43. Rg1+ Kh8 44. e6 Re3 1/2-1/2

[Event "Paul Keres mem (22nd)"]
[Site "Vancouver CAN"]
[Date "1997.05.18"]
[Round "5.7"]
[White "Seid, Hee"]
[Black "Wu, Howard"]
[Result "0-1"]
[WhiteElo "2198"]
[BlackElo "2084"]
[PlyCount "102"]
[GameId "2160767911965933"]
[EventDate "1997.05.16"]
[EventType "swiss"]
[EventRounds "7"]
[EventCountry "CAN"]

1. e4 c5 2. Nf3 Nc6 3. d4 cxd4 4. Nxd4 g6 5. Nc3 Bg7 6. Be3 Nf6 7. f3 O-O 8. Qd2 d5 9. Nxc6 bxc6 10. exd5 Nxd5 11. Nxd5 cxd5 12. c3 Qa5 13. Bd3 Rb8 14. O-O d4 15. cxd4 Qxd2 16. Bxd2 Bxd4+ 17. Kh1 Rxb2 18. Bg5 e5 19. a3 Be6 20. Rab1 Rfb8 21. Rxb2 Rxb2 22. a4 Kg7 23. Bb5 h6 24. Bc1 Ra2 25. h3 Bb3 26. Kh2 Bxa4 27. Bc4 Rc2 28. Bd5 Bb5 29. Re1 Bc3 30. Rd1 Be2 31. Rh1 Bd2 32. Bxd2 Rxd2 33. Bc6 Rd1 34. Rxd1 Bxd1 35. Kg1 a5 36. Kf2 a4 37. Ke1 Bb3 38. Kd2 a3 39. Kc3 Be6 40. h4 a2 41. Kb2 Kf6 42. Be4 g5 43. hxg5+ Kxg5 44. g3 f5 45. Bc6 h5 46. Be8 h4 47. gxh4+ Kxh4 48. Bc6 Kg3 49. Ka1 Kf4 50. Kb2 Bc4 51. Bd7 Bd5 0-1

[Event "Paul Keres mem (22nd)"]
[Site "Vancouver CAN"]
[Date "1997.05.18"]
[Round "5.8"]
[White "Chao, Kenneth"]
[Black "Neufahrt, Gerhard"]
[Result "1/2-1/2"]
[WhiteElo "2068"]
[BlackElo "2172"]
[PlyCount "49"]
[GameId "2160767911965934"]
[EventDate "1997.05.16"]
[EventType "swiss"]
[EventRounds "7"]
[EventCountry "CAN"]

1. e4 e5 2. Nf3 Nc6 3. Bc4 Nf6 4. d4 exd4 5. e5 d5 6. Bb5 Ne4 7. Nxd4 Bd7 8. Bxc6 bxc6 9. O-O Rb8 10. f3 Ng5 11. f4 Ne6 12. f5 Nxd4 13. Qxd4 Rb5 14. Kh1 Bc5 15. Qf4 Rb4 16. Qg3 g6 17. e6 fxe6 18. Qc3 O-O 19. Qxc5 Rc4 20. Qxa7 Rxc2 21. Nc3 e5 22. Bh6 Rxf5 23. Rab1 g5 24. Rxf5 Bxf5 25. Rf1 1/2-1/2

[Event "Paul Keres mem (22nd)"]
[Site "Vancouver CAN"]
[Date "1997.05.18"]
[Round "5.9"]
[White "Neufeld, John"]
[Black "Haukenfrers, Dale"]
[Result "1/2-1/2"]
[WhiteElo "2005"]
[BlackElo "2141"]
[PlyCount "87"]
[GameId "2160767911965935"]
[EventDate "1997.05.16"]
[EventType "swiss"]
[EventRounds "7"]
[EventCountry "CAN"]

1. d4 Nf6 2. c4 g6 3. Nc3 d5 4. Nf3 Bg7 5. Bf4 O-O 6. e3 c5 7. cxd5 Nxd5 8. Nxd5 Qxd5 9. Qd2 cxd4 10. exd4 Nc6 11. b3 Nxd4 12. Nxd4 Qxd4 13. Qxd4 Bxd4 14. Rd1 Bc3+ 15. Bd2 Bxd2+ 16. Rxd2 Be6 17. Be2 Rad8 18. Bf3 Rxd2 19. Kxd2 Rd8+ 20. Ke3 b6 21. Rc1 Rc8 22. Rxc8+ Bxc8 23. b4 e5 24. Bd5 Kf8 25. f4 exf4+ 26. Kxf4 f6 27. h4 Ke7 28. a3 Be6 29. Be4 Kd6 30. g3 a5 31. bxa5 bxa5 32. Bd3 Kd5 33. g4 Kd4 34. Bb5 h6 35. g5 fxg5+ 36. hxg5 h5 37. Be8 Bf5 38. Kg3 Kc3 39. Kh4 Kb3 40. a4 Kb4 41. Kg3 Bc2 42. Kh4 Bxa4 43. Bxg6 Bb3 44. Be8 1/2-1/2

[Event "Paul Keres mem (22nd)"]
[Site "Vancouver CAN"]
[Date "1997.05.18"]
[Round "5.10"]
[White "Downey, Glen"]
[Black "Wright, Stephen"]
[Result "1/2-1/2"]
[WhiteElo "2045"]
[BlackElo "2298"]
[PlyCount "68"]
[GameId "2160767911965936"]
[EventDate "1997.05.16"]
[EventType "swiss"]
[EventRounds "7"]
[EventCountry "CAN"]

1. d4 f5 2. Bg5 g6 3. Nc3 d5 4. e3 Bg7 5. Nf3 c6 6. Be2 Be6 7. O-O Nd7 8. Rb1 Ngf6 9. Bxf6 Bxf6 10. Bd3 Bf7 11. Ne2 O-O 12. Qc1 e5 13. dxe5 Nxe5 14. Nxe5 Bxe5 15. c4 dxc4 16. Bxc4 Bxh2+ 17. Kxh2 Qh4+ 18. Kg1 Qxc4 19. Nc3 Rad8 20. Rd1 Qh4 21. Qc2 Qf6 22. Qa4 a6 23. Qb4 b5 24. a4 Rxd1+ 25. Rxd1 Rd8 26. Rxd8+ Qxd8 27. axb5 cxb5 28. Qf4 Kg7 29. Qe5+ Qf6 30. Qc7 b4 31. Na4 Qe6 32. Qa5 Qd6 33. Nc5 Qd1+ 34. Kh2 Qh5+ 1/2-1/2

[Event "Paul Keres mem (22nd)"]
[Site "Vancouver CAN"]
[Date "1997.05.18"]
[Round "5.11"]
[White "Higgs, Ian"]
[Black "Berg, Michael"]
[Result "1-0"]
[WhiteElo "1950"]
[BlackElo "1500"]
[PlyCount "111"]
[GameId "2160767911965937"]
[EventDate "1997.05.16"]
[EventType "swiss"]
[EventRounds "7"]
[EventCountry "CAN"]

1. e4 c5 2. Nf3 d6 3. d4 cxd4 4. Nxd4 Nf6 5. Nc3 g6 6. Be2 Bg7 7. Be3 O-O 8. O-O a6 9. a4 Nc6 10. h3 Bd7 11. Qd2 Qa5 12. f4 Nxd4 13. Bxd4 Nxe4 14. Qe3 Bxd4 15. Qxd4 Nxc3 16. bxc3 Rac8 17. Ra3 Qc5 18. Rb3 Qxd4+ 19. cxd4 Bc6 20. c4 e6 21. a5 Rc7 22. g4 f5 23. g5 h6 24. Rc1 hxg5 25. fxg5 e5 26. dxe5 dxe5 27. Rd3 Rff7 28. c5 Rcd7 29. Rd6 Rxd6 30. cxd6 Rd7 31. Bc4+ Kf8 32. Rd1 Ke8 33. Be6 Rh7 34. Kh2 Rh4 35. Bf7+ Kxf7 36. d7 Bxd7 37. Rxd7+ Ke6 38. Rxb7 Rd4 39. Rg7 Rd2+ 40. Kg1 Rd1+ 41. Kf2 f4 42. Rxg6+ Kf5 43. Rxa6 Kxg5 44. Ra8 Rd2+ 45. Ke1 Rd3 46. Re8 Kf5 47. h4 Ra3 48. Ra8 Kg4 49. a6 Kxh4 50. a7 Kg4 51. Rg8+ Kf3 52. a8=Q+ Rxa8 53. Rxa8 e4 54. Ra5 Kg2 55. Ra4 f3 56. Ra2+ 1-0

[Event "Paul Keres mem (22nd)"]
[Site "Vancouver CAN"]
[Date "1997.05.18"]
[Round "5.12"]
[White "Kalef, Justin"]
[Black "Harris, Philip"]
[Result "1/2-1/2"]
[WhiteElo "1866"]
[BlackElo "2006"]
[PlyCount "77"]
[GameId "2160767911965938"]
[EventDate "1997.05.16"]
[EventType "swiss"]
[EventRounds "7"]
[EventCountry "CAN"]

1. e4 e5 2. Nf3 Nc6 3. Bb5 a6 4. Ba4 Nf6 5. O-O Nxe4 6. d4 b5 7. Bb3 d5 8. dxe5 Be6 9. c3 Be7 10. Nbd2 O-O 11. Bc2 f5 12. exf6 Nxf6 13. Re1 Bg4 14. Nf1 Qd7 15. h3 Bxf3 16. Qxf3 Ne4 17. Qd1 Nxf2 18. Qh5 Ne4 19. Bxe4 dxe4 20. Rxe4 Rae8 21. Be3 Bd6 22. Rxe8 Qxe8 23. Qxe8 Rxe8 24. Re1 Ne5 25. b3 Kf7 26. Bd2 Nd3 27. Rxe8 Kxe8 28. Ne3 g6 29. Kf1 Kd7 30. Ke2 Ne5 31. c4 bxc4 32. Nxc4 Nxc4 33. bxc4 Be5 34. Kd3 Ke6 35. Ke4 Bb2 36. Bf4 c6 37. Be3 Bc3 38. Bd4 Bd2 39. Be5 1/2-1/2

[Event "Paul Keres mem (22nd)"]
[Site "Vancouver CAN"]
[Date "1997.05.18"]
[Round "5.14"]
[White "Cabanas, Francisco"]
[Black "Holubowicz, Kazimiercz"]
[Result "1-0"]
[WhiteElo "1985"]
[BlackElo "1764"]
[PlyCount "91"]
[GameId "2160767911965939"]
[EventDate "1997.05.16"]
[EventType "swiss"]
[EventRounds "7"]
[EventCountry "CAN"]

1. e4 e5 2. Nf3 Nc6 3. Bb5 Nd4 4. Nxd4 exd4 5. d3 a5 6. a3 Be7 7. Qg4 Nf6 8. Qxg7 Rg8 9. Qh6 c6 10. Bc4 d5 11. exd5 Nxd5 12. Qxh7 Rxg2 13. Qh8+ Bf8 14. Qxd4 Qe7+ 15. Qe4 Qxe4+ 16. dxe4 Nb6 17. Bd3 Be6 18. Be3 Na4 19. b3 Nc5 20. Bf1 Rg8 21. Nd2 O-O-O 22. O-O-O f5 23. exf5 Bxf5 24. Bc4 Rg4 25. h3 Rg7 26. h4 b5 27. Be2 Ne4 28. Nb1 b4 29. Rxd8+ Kxd8 30. a4 Kc7 31. h5 Be7 32. h6 Rh7 33. Bc4 Bg5 34. Bg8 Rh8 35. Bxg5 Rxg8 36. Bf4+ Kb7 37. Be5 c5 38. h7 Bxh7 39. Rxh7+ Kc6 40. Rg7 Re8 41. f4 Kb6 42. Nd2 Nxd2 43. Kxd2 Rd8+ 44. Ke2 Rd5 45. Rg6+ Kb7 46. Rd6 1-0

[Event "Paul Keres mem (22nd)"]
[Site "Vancouver CAN"]
[Date "1997.05.19"]
[Round "6.2"]
[White "Orlov, Georgi"]
[Black "Ross, Paul"]
[Result "0-1"]
[WhiteElo "2598"]
[BlackElo "2327"]
[PlyCount "82"]
[GameId "2160767911965941"]
[EventDate "1997.05.16"]
[EventType "swiss"]
[EventRounds "7"]
[EventCountry "CAN"]

1. d4 g6 2. c4 f5 3. Nf3 Nf6 4. g3 Bg7 5. Nc3 O-O 6. Bg2 d6 7. d5 Na6 8. O-O Qe8 9. Nd4 Bd7 10. e4 fxe4 11. Nxe4 Nxe4 12. Bxe4 c6 13. Bg2 Nc7 14. Be3 c5 15. Ne2 b5 16. cxb5 Nxb5 17. Qd2 Bg4 18. f3 Bf5 19. Rac1 a5 20. Rfe1 Qf7 21. f4 Qf6 22. Nc3 Rfb8 23. Bf2 Ra7 24. Na4 Nd4 25. b3 Rb4 26. Kh1 Bg4 27. Re3 Qf5 28. Rd3 Qh5 29. Bxd4 Rxd4 30. Nc3 Rb7 31. Rxd4 Bxd4 32. Ne4 Bf3 33. Ng5 Bxg2+ 34. Qxg2 Qg4 35. h3 Qf5 36. Rf1 a4 37. g4 Qd3 38. f5 axb3 39. axb3 Rxb3 40. fxg6 hxg6 41. Ne6 Rb4 0-1

[Event "Paul Keres mem (22nd)"]
[Site "Vancouver CAN"]
[Date "1997.05.19"]
[Round "6.3"]
[White "Yoos, John"]
[Black "Milicevic, Dragoljub"]
[Result "1-0"]
[WhiteElo "2414"]
[BlackElo "2230"]
[PlyCount "126"]
[GameId "2160767911965942"]
[EventDate "1997.05.16"]
[EventType "swiss"]
[EventRounds "7"]
[EventCountry "CAN"]

1. e4 d5 2. exd5 Nf6 3. d4 Nxd5 4. Nf3 g6 5. c4 Nb6 6. h3 Bg7 7. Nc3 O-O 8. Be3 Nc6 9. Qd2 e5 10. d5 Ne7 11. Be2 Nf5 12. Bc5 Re8 13. O-O e4 14. Ne1 Bh6 15. Qd1 Qh4 16. Nc2 e3 17. Nxe3 Nxe3 18. Bxe3 Rxe3 19. fxe3 Bxe3+ 20. Kh1 Bxh3 21. Qe1 Qh6 22. Qg3 Bg4+ 23. Qh2 Qxh2+ 24. Kxh2 Bxe2 25. Nxe2 Nxc4 26. Nc3 Bd4 27. Rac1 Ne3 28. Rf3 Ng4+ 29. Kh3 f5 30. Re1 Rc8 31. g3 Bc5 32. Re2 h5 33. Kg2 a6 34. Re6 Kg7 35. Ne2 g5 36. b4 Bb6 37. Nc3 Rf8 38. Re7+ Kg8 39. Na4 Bd4 40. Nc5 Rf6 41. Rd3 Be5 42. Nd7 Bd6 43. Re8+ Kf7 44. Nxf6 Nxf6 45. Rb8 b6 46. a3 g4 47. Ra8 Kg6 48. Rxa6 f4 49. gxf4 h4 50. Ra8 h3+ 51. Kf1 Kf5 52. Rh8 Ke4 53. Ke2 b5 54. Rh6 Kf5 55. Rd4 Ne4 56. Rh5+ Kg6 57. Rh4 Nf6 58. Kf2 Kf5 59. Kg3 Ne4+ 60. Rxe4 Kxe4 61. Kxg4 h2 62. Rxh2 Bxf4 63. Re2+ Be3 1-0

[Event "Paul Keres mem (22nd)"]
[Site "Vancouver CAN"]
[Date "1997.05.19"]
[Round "6.4"]
[White "Ferguson, Jim"]
[Black "Afrah, Navid"]
[Result "0-1"]
[WhiteElo "2231"]
[BlackElo "2251"]
[PlyCount "77"]
[GameId "2160767911965943"]
[EventDate "1997.05.16"]
[EventType "swiss"]
[EventRounds "7"]
[EventCountry "CAN"]

1. e4 e6 2. d4 d5 3. e5 c5 4. Nf3 cxd4 5. Bd3 Nc6 6. O-O Nge7 7. Bf4 Ng6 8. Bg3 Bd7 9. a3 Be7 10. Re1 O-O 11. Nbd2 Qb6 12. b4 Nb8 13. Qe2 a5 14. b5 h5 15. a4 Be8 16. Nb3 Nd7 17. h4 Qd8 18. Nfxd4 Nxh4 19. Qxh5 f5 20. Qe2 Qb6 21. c4 Ng6 22. f4 Nc5 23. Qe3 Nxd3 24. Qxd3 Bb4 25. Rec1 dxc4 26. Qxc4 Bf7 27. Qc7 Qa7 28. Kf1 Ne7 29. Bf2 Rfc8 30. Qd7 Rd8 31. Qxd8+ Rxd8 32. Nxe6 Qxf2+ 33. Kxf2 Bxe6 34. Rab1 Nd5 35. g3 Nc3 36. Rb2 Ba3 37. Rxc3 Bxb2 38. Re3 Rc8 39. Kf3 0-1

[Event "Paul Keres mem (22nd)"]
[Site "Vancouver CAN"]
[Date "1997.05.19"]
[Round "6.5"]
[White "Kostadinov, George"]
[Black "Chapman, Erik"]
[Result "1-0"]
[WhiteElo "2182"]
[BlackElo "1998"]
[PlyCount "71"]
[GameId "2160767911965944"]
[EventDate "1997.05.16"]
[EventType "swiss"]
[EventRounds "7"]
[EventCountry "CAN"]

1. d4 f5 2. c4 e6 3. Nf3 Nf6 4. g3 b6 5. Bg2 Bb7 6. Nc3 Bb4 7. O-O Bxc3 8. bxc3 O-O 9. Ba3 d6 10. Qb3 Ne4 11. Rfd1 Nd7 12. c5 Rf6 13. cxd6 cxd6 14. Ne1 Qc7 15. Rac1 f4 16. gxf4 Rg6 17. f3 Rf8 18. e3 Rf5 19. fxe4 Bxe4 20. Kf1 Rxg2 21. Nxg2 d5 22. Rd2 Nf6 23. c4 Ng4 24. h3 Nh2+ 25. Kf2 Qf7 26. cxd5 Qh5 27. Rc8+ Kf7 28. dxe6+ Kg6 29. Qd1 Bf3 30. Qg1 Qxh3 31. Nh4+ Kh5 32. Nxf5 Ng4+ 33. Ke1 Kg6 34. Rh2 Qxh2 35. Qxh2 Nxh2 36. Nh4+ 1-0

[Event "Paul Keres mem (22nd)"]
[Site "Vancouver CAN"]
[Date "1997.05.19"]
[Round "6.6"]
[White "Wu, Howard"]
[Black "Skulsky, Ian"]
[Result "1-0"]
[WhiteElo "2084"]
[BlackElo "2259"]
[PlyCount "97"]
[GameId "2160767911965945"]
[EventDate "1997.05.16"]
[EventType "swiss"]
[EventRounds "7"]
[EventCountry "CAN"]

1. g3 c5 2. Bg2 Nc6 3. e4 g6 4. Nc3 Bg7 5. d3 d6 6. Be3 Nd4 7. Qd2 Rb8 8. Nd1 e5 9. c3 Ne6 10. Ne2 Ne7 11. O-O O-O 12. f4 f5 13. Kh1 Bd7 14. Bg1 Bc6 15. Ne3 exf4 16. gxf4 Qd7 17. Nd5 b6 18. Rad1 Qb7 19. c4 Bxd5 20. cxd5 Nc7 21. Nc3 Ne8 22. Rde1 Rd8 23. e5 Rd7 24. d4 c4 25. Qe2 b5 26. a4 a6 27. axb5 axb5 28. Bf2 Nc8 29. b3 b4 30. Na4 c3 31. exd6 Rxd6 32. Nc5 Qb6 33. Qxe8 Rxe8 34. Rxe8+ Kf7 35. Rxc8 Bf6 36. Rc6 Qb8 37. Na6 Qf8 38. Rc7+ Kg8 39. Nxb4 Rb6 40. Nc6 Rxb3 41. Ne5 Bxe5 42. dxe5 Qb8 43. d6 Rb2 44. Rxc3 Rd2 45. Rc7 Qb5 46. Ra1 Ra2 47. Rxa2 Qb1+ 48. Bg1 Qxa2 49. d7 1-0

[Event "Paul Keres mem (22nd)"]
[Site "Vancouver CAN"]
[Date "1997.05.19"]
[Round "6.7"]
[White "Neufahrt, Gerhard"]
[Black "Neufeld, John"]
[Result "1-0"]
[WhiteElo "2172"]
[BlackElo "2005"]
[PlyCount "80"]
[GameId "2160767911965946"]
[EventDate "1997.05.16"]
[EventType "swiss"]
[EventRounds "7"]
[EventCountry "CAN"]

1. e4 c6 2. d4 d5 3. exd5 cxd5 4. c4 e6 5. Nf3 Nf6 6. Nc3 Be7 7. Bf4 Nc6 8. a3 a6 9. c5 O-O 10. Bd3 h6 11. Bc2 Nh5 12. Be3 f5 13. Qd3 Nf6 14. Na4 Nd7 15. g4 b5 16. Nc3 Nf6 17. gxf5 exf5 18. Bf4 Ng4 19. Nxd5 Rf7 20. Nb6 Ra7 21. Nxc8 Qxc8 22. Bb3 Bf6 23. O-O g5 24. Be3 Kh8 25. Bxf7 Rxf7 26. d5 Nce5 27. Nxe5 Bxe5 28. Bd4 Bxd4 29. Qxd4+ Kh7 30. Rac1 Nf6 31. d6 f4 32. f3 Qc6 33. Rce1 Nd5 34. Qe4+ Kg7 35. Rd1 Qxc5+ 36. Qd4+ Qxd4+ 37. Rxd4 Nb6 38. Re1 Kf6 39. Rde4 Nd5 40. Re6+ Kg7 1-0

[Event "Paul Keres mem (22nd)"]
[Site "Vancouver CAN"]
[Date "1997.05.19"]
[Round "6.8"]
[White "Haukenfrers, Dale"]
[Black "Chao, Kenneth"]
[Result "0-1"]
[WhiteElo "2141"]
[BlackElo "2068"]
[PlyCount "98"]
[GameId "2160767911965947"]
[EventDate "1997.05.16"]
[EventType "swiss"]
[EventRounds "7"]
[EventCountry "CAN"]

1. e4 c5 2. Nf3 d6 3. d4 cxd4 4. Nxd4 Nf6 5. Nc3 a6 6. Bg5 e6 7. f4 Be7 8. Qf3 Qc7 9. O-O-O Nbd7 10. g4 b5 11. Bxf6 Nxf6 12. g5 Nd7 13. f5 Bxg5+ 14. Kb1 Nc5 15. fxe6 Nxe6 16. Bxb5+ axb5 17. Ndxb5 Qe7 18. Nxd6+ Kf8 19. h4 Bf4 20. e5 Qa7 21. Rhf1 g6 22. a3 Ba6 23. Rfe1 Rb8 24. Nd5 Bb7 25. c4 Kg7 26. Re4 Rhf8 27. Rxf4 Nxf4 28. Qxf4 Bxd5 29. cxd5 Qxa3 30. Rd2 Qh3 31. Nc4 Rb3 32. Qd4 Qf5+ 33. Ka2 Rb4 34. e6+ Kg8 35. exf7+ Qxf7 36. b3 Ra8+ 37. Kb2 Qf3 38. Qd3 Qf6+ 39. Qd4 Qf3 40. Rd3 Qe2+ 41. Kc3 Rab8 42. Nd2 Rxd4 43. Rxd4 Qe5 44. Kd3 Kf7 45. d6 Qg3+ 46. Kc4 Rc8+ 47. Kd5 Qh3 48. Ke4 Rc3 49. d7 Qf5# 0-1

[Event "Paul Keres mem (22nd)"]
[Site "Vancouver CAN"]
[Date "1997.05.19"]
[Round "6.9"]
[White "Higgs, Ian"]
[Black "Downey, Glen"]
[Result "1/2-1/2"]
[WhiteElo "1950"]
[BlackElo "2045"]
[PlyCount "37"]
[GameId "2160767911965948"]
[EventDate "1997.05.16"]
[EventType "swiss"]
[EventRounds "7"]
[EventCountry "CAN"]

1. e4 e5 2. Nf3 Nf6 3. Nxe5 d6 4. Nf3 Nxe4 5. d3 Nf6 6. d4 d5 7. Be2 Be7 8. O-O O-O 9. Re1 Re8 10. Ne5 Nbd7 11. Bb5 a6 12. Ba4 c5 13. c3 h6 14. f4 Qc7 15. Be3 b5 16. Bb3 c4 17. Bc2 b4 18. Ba4 Rd8 19. Nc6 1/2-1/2

[Event "Paul Keres mem (22nd)"]
[Site "Vancouver CAN"]
[Date "1997.05.19"]
[Round "6.10"]
[White "Wright, Stephen"]
[Black "Spicer, Christopher"]
[Result "1-0"]
[WhiteElo "2298"]
[BlackElo "1853"]
[PlyCount "31"]
[GameId "2160767911965949"]
[EventDate "1997.05.16"]
[EventType "swiss"]
[EventRounds "7"]
[EventCountry "CAN"]

1. d4 Nf6 2. Bg5 e6 3. e4 h6 4. Bxf6 Qxf6 5. Nc3 Bb4 6. Qd2 Nc6 7. O-O-O d6 8. Bb5 O-O 9. Nge2 d5 10. e5 Qxf2 11. h4 Qf5 12. g4 Qxg4 13. Rdg1 Qh5 14. Nf4 Bxc3 15. bxc3 Qf3 16. Rh3 1-0

[Event "Paul Keres mem (22nd)"]
[Site "Vancouver CAN"]
[Date "1997.05.19"]
[Round "6.11"]
[White "Cabanas, Francisco"]
[Black "Seid, Hee"]
[Result "1-0"]
[WhiteElo "1985"]
[BlackElo "2198"]
[PlyCount "59"]
[GameId "2160767911965950"]
[EventDate "1997.05.16"]
[EventType "swiss"]
[EventRounds "7"]
[EventCountry "CAN"]

1. e4 c6 2. d3 g6 3. f4 Bg7 4. Nf3 d6 5. Be2 e6 6. c3 Ne7 7. Be3 Nd7 8. Nbd2 O-O 9. O-O e5 10. Nc4 Qc7 11. d4 exd4 12. Bxd4 d5 13. Bxg7 Kxg7 14. exd5 Nxd5 15. Qd4+ Kg8 16. Ng5 N5b6 17. f5 Nxc4 18. Qh4 Nf6 19. fxg6 fxg6 20. Bxc4+ Kh8 21. Nf7+ Rxf7 22. Bxf7 Qxf7 23. Rxf6 Qe7 24. Qd4 Kg8 25. Rd1 Bf5 26. Rd6 Kf7 27. g4 Be6 28. Rf1+ Kg8 29. Re1 c5 30. Qe5 1-0

[Event "Paul Keres mem (22nd)"]
[Site "Vancouver CAN"]
[Date "1997.05.19"]
[Round "6.12"]
[White "Slambor, Jiri"]
[Black "Long, Hugh"]
[Result "1-0"]
[WhiteElo "1811"]
[BlackElo "1736"]
[PlyCount "55"]
[GameId "2160767911965951"]
[EventDate "1997.05.16"]
[EventType "swiss"]
[EventRounds "7"]
[EventCountry "CAN"]

1. d4 Nf6 2. c4 g6 3. Nf3 c6 4. Nc3 d5 5. e3 Bg4 6. Be2 Bg7 7. cxd5 cxd5 8. Qb3 e6 9. Bb5+ Nbd7 10. Ne5 O-O 11. Bxd7 Bf5 12. Bb5 a6 13. Be2 g5 14. Bd3 Bxd3 15. Nxd3 b5 16. a3 h6 17. Bd2 Re8 18. Ne5 Nd7 19. Nxd7 Qxd7 20. Ne2 e5 21. dxe5 Bxe5 22. O-O Bc7 23. Rad1 Qd6 24. g3 Rad8 25. Bb4 Qe5 26. Qc3 d4 27. Rxd4 Bb8 28. Rxd8 1-0

[Event "Paul Keres mem (22nd)"]
[Site "Vancouver CAN"]
[Date "1997.05.19"]
[Round "6.13"]
[White "Harris, Philip"]
[Black "Berg, Michael"]
[Result "1-0"]
[WhiteElo "2006"]
[BlackElo "1500"]
[PlyCount "75"]
[GameId "2160767911965952"]
[EventDate "1997.05.16"]
[EventType "swiss"]
[EventRounds "7"]
[EventCountry "CAN"]

1. d4 Nf6 2. Bg5 e6 3. e4 Be7 4. Nd2 d5 5. e5 Nfd7 6. Bxe7 Qxe7 7. c3 c5 8. a3 Nc6 9. Ndf3 cxd4 10. cxd4 f6 11. exf6 Qxf6 12. Bd3 O-O 13. Ne2 e5 14. Qb3 Ne7 15. O-O e4 16. Bxe4 Kh8 17. Bxd5 Nxd5 18. Qxd5 Nb6 19. Qh5 Bf5 20. Ng3 Rad8 21. Nxf5 Rd5 22. Qg5 Qxf5 23. Qxf5 Rdxf5 24. Rfe1 Nd5 25. Re5 Nf4 26. Rxf5 Rxf5 27. Re1 h6 28. Re7 Rb5 29. b4 a5 30. Re5 Rb6 31. Rxa5 Rc6 32. Rc5 Ra6 33. h3 Rxa3 34. Kh2 Ra2 35. d5 Rxf2 36. Kg3 b6 37. Rc3 Kh7 38. Kxf2 1-0

[Event "Paul Keres mem (22nd)"]
[Site "Vancouver CAN"]
[Date "1997.05.19"]
[Round "6.14"]
[White "Kalef, Justin"]
[Black "Krzyzowski, Ernest"]
[Result "1-0"]
[WhiteElo "1866"]
[BlackElo "1938"]
[PlyCount "69"]
[GameId "2160767911965953"]
[EventDate "1997.05.16"]
[EventType "swiss"]
[EventRounds "7"]
[EventCountry "CAN"]

1. e4 Nf6 2. e5 Nd5 3. d4 d6 4. c4 Nb6 5. f4 dxe5 6. fxe5 Bf5 7. Nc3 e6 8. Be3 Be7 9. d5 exd5 10. cxd5 O-O 11. Nf3 Re8 12. Qb3 N8d7 13. a4 Nc5 14. Qa2 Nd3+ 15. Bxd3 Bxd3 16. Rd1 Bc4 17. b3 Bb4 18. bxc4 Bxc3+ 19. Kf2 Bxe5 20. c5 Nc8 21. Rhe1 Bf6 22. Bg5 Rxe1 23. Rxe1 Bxg5 24. Nxg5 Qf6+ 25. Kg1 Ne7 26. d6 cxd6 27. cxd6 Nc6 28. Rf1 Qxd6 29. Qxf7+ Kh8 30. Qh5 Qg6 31. Qf3 Ne7 32. Qf8+ Rxf8 33. Rxf8+ Ng8 34. Nf7+ Qxf7 35. Rxf7 1-0

[Event "Paul Keres mem (22nd)"]
[Site "Vancouver CAN"]
[Date "1997.05.19"]
[Round "7.2"]
[White "Ross, Paul"]
[Black "Afrah, Navid"]
[Result "1/2-1/2"]
[WhiteElo "2327"]
[BlackElo "2251"]
[PlyCount "47"]
[GameId "2160767911965955"]
[EventDate "1997.05.16"]
[EventType "swiss"]
[EventRounds "7"]
[EventCountry "CAN"]

1. d4 Nf6 2. c4 g6 3. Nc3 Bg7 4. Nf3 O-O 5. e4 d6 6. Be2 e5 7. O-O exd4 8. Nxd4 Nbd7 9. Bg5 Re8 10. f3 c6 11. Qd2 Nc5 12. Nc2 Ne6 13. Be3 Nc7 14. Rad1 Bf8 15. Bf4 d5 16. e5 Nd7 17. Bg5 Be7 18. Bxe7 Qxe7 19. cxd5 cxd5 20. f4 Nb6 21. Kh1 Bd7 22. Nd4 a6 23. Rde1 Ne6 24. Nf3 1/2-1/2

[Event "Paul Keres mem (22nd)"]
[Site "Vancouver CAN"]
[Date "1997.05.19"]
[Round "7.3"]
[White "Wu, Howard"]
[Black "Orlov, Georgi"]
[Result "0-1"]
[WhiteElo "2084"]
[BlackElo "2598"]
[PlyCount "79"]
[GameId "2160767911965956"]
[EventDate "1997.05.16"]
[EventType "swiss"]
[EventRounds "7"]
[EventCountry "CAN"]

1. g3 c5 2. Bg2 d5 3. c4 d4 4. Nf3 Nc6 5. O-O e5 6. d3 Bd6 7. e3 Nge7 8. exd4 cxd4 9. a3 a5 10. Nbd2 O-O 11. Re1 f5 12. c5 Bc7 13. Qb3+ Kh8 14. Ng5 Qe8 15. Ne6 Bxe6 16. Qxe6 a4 17. b4 axb3 18. Nxb3 Rf6 19. Qc4 Qh5 20. Qb5 Rb8 21. Bd2 f4 22. Re4 Rh6 23. h3 Rg6 24. g4 Qh4 25. f3 h5 26. Be1 Qf6 27. Ra2 Nd5 28. Rb2 hxg4 29. hxg4 Rh6 30. Na1 Nc3 31. Bxc3 dxc3 32. Rf2 b6 33. Qc4 bxc5 34. Qxc3 Rb1+ 35. Re1 Ba5 36. Qxa5 Nxa5 37. Rxb1 Qc6 38. Nb3 Qa6 39. Rc2 Qxd3 40. Rxc5 0-1